Statistiken für Top 15 der betroffenen Covid-19-Länder - 3. Juni 2021

Klicken Sie hier um das Quiz zu spielen!

Allgemein

  • Dieses Quiz wurde 18 mal gespielt
  • Das Durchschnittsergebnis liegt bei 15 aus 27

Antwortstatistiken

Insgesamt
Fälle
Tägliche
Erhöhung
Rate pro
Million
Land% Korrekt
34 173 53212 757102 688Vereinigte Staaten
100%
3 701 6902990Deutschland
94%
5 694 076
984887 056Frankreich
94%
4 225 1632482Italien
94%
4 499 8783165Vereinigtes Königreich
94%
16 803 47277 898Brasilien
88%
28 572 359133 228Indien
88%
3 693 0124388Spanien
88%
5 099 1829500Russland
82%
2 423 928932Mexiko
76%
3 884 44735 355Argentinien
65%
2 874 092583Polen
65%
91 556Belgien
59%
3 488 04625 966Kolumbien
59%
96 507Niederlande
59%
2 945 10010 687Iran
53%
105 205Schweden
53%
154 988Tschechien
53%
5 270 2997112Türkei
53%
140 499Bahrain
18%
87 487Kroatien
18%
122 029Slowenien
18%
97 870Estland
12%
102 543Litauen
12%
87 353Uruguay
12%
87 136Georgien
6%
90 021Israel
6%

Verteilung der Resultate

Perzentil nach korrekt beantworteten Fragen

Anzahl Personen mit jedem Resultat

Ihre Resultats-Entwicklung

Sie haben dieses Quiz noch nicht gespielt